Normal view
MARC view
- اللغة العربية-المعاجم- المفردات-المفردات-الكلمات-علم اصول الكلمات- الرموز
Entry Topical Term
001 - CONTROL NUMBER
- control field: 23936
003 - CONTROL NUMBER IDENTIFIER
- control field: JO-AjAnu
005 - DATE AND TIME OF LATEST TRANSACTION
- control field: 20230606074117.0
008 - FIXED-LENGTH DATA ELEMENTS
- fixed length control field: 230606|| aca||aabn | a|a d
040 ## - CATALOGING SOURCE
- Original cataloging agency: JO-AjAnu
- Transcribing agency: JO-AjAnu
150 ## - HEADING--TOPICAL TERM
- Topical term or geographic name entry element: اللغة العربية-المعاجم- المفردات-المفردات-الكلمات-علم اصول الكلمات- الرموز
670 ## - SOURCE DATA FOUND
- Source citation: Work cat.: (JO-AjAnu)12305: تاليف فاضل،عبد الحق, author 23935, قصص من اللغة